00617nam a2200169 i 450000100060000000300090000600500170001500700030003200800410003510000390007624500950011526000550021030000220026585200220028799900170030995201210032634082ES-MaACL20230906154856.0t|030204s1931 sp ||||1| spa d1 aBlanco Nájera, Francisco.92927513aLa escuela única a la luz de la pedagogía y del derecho / cFrancisco Blanco Nájera. aJaén : b[s.n., c1931] (fEl Pueblo Católico) a188 p. ; c20 cm. aES-MaACLjF-13729 c34082d34082 00104070aATENEOMbATENEOMcSPP2d2008-01-17eSCl0oF-13729p1035530r2023-02-23 00:00:00w2023-02-23yMONOGRAFIA